Introduction to statistics (Record no. 17646)

000 -LEADER
fixed length control field 00759nam a2200241 4500
008 - FIXED-LENGTH DATA ELEMENTS--GENERAL INFORMATION
fixed length control field 691014s1969 nyua b 001 0 eng
020 ## - INTERNATIONAL STANDARD BOOK NUMBER
International Standard Book Number 0030755905
050 00 - LIBRARY OF CONGRESS CALL NUMBER
Classification number HA29
Item number .H835 1969
100 1# - MAIN ENTRY--PERSONAL NAME
Personal name Hultquist, Robert A.
245 10 - TITLE STATEMENT
Title Introduction to statistics
Statement of responsibility, etc. [by] Robert A. Hultquist.
260 ## - PUBLICATION, DISTRIBUTION, ETC. (IMPRINT)
Place of publication, distribution, etc. New York,
Name of publisher, distributor, etc. Holt, Rinehart and Winston
Date of publication, distribution, etc. [1969]
300 ## - PHYSICAL DESCRIPTION
Extent xiii, 194 p.
Other physical details illus.
Dimensions 24 cm.
504 ## - BIBLIOGRAPHY, ETC. NOTE
Bibliography, etc Bibliography: p. [185]-188.
650 #0 - SUBJECT ADDED ENTRY--TOPICAL TERM
Topical term or geographic name as entry element Statistics.
942 ## - ADDED ENTRY ELEMENTS (KOHA)
Source of classification or shelving scheme
Koha item type Hard Covered Materials
Classification part HA29 .H835 1969
Holdings
Withdrawn status Lost status Source of classification or shelving scheme Damaged status Not for loan Home library Current library Shelving location Date acquired Source of acquisition Total Checkouts Full call number Barcode Date last seen Price effective from Koha item type
          MACHAKOS UNIVERSITY LIBRARY MACHAKOS UNIVERSITY LIBRARY Technical section 28/11/2016 Donation(BFA)   HA29 .H835 1969 28186 12/06/2018 28/11/2016 Hard Covered Materials
© Machakos University Library, Along The Highway, Machakos Wote Rd, Machakos, Kenya P.O. Box 136 - 90100 Machakos - Kenya

Tel: ( +254 ) 723 805829 OR Fax : 044-20353 OR Email: library@mksu.ac.ke